00425 2200181 4500001002100000005001500021035002000036008004100056245003500097100001600132250000600148260003400154300001100188084001400199082000800213650001000221990001200231INLIS00000000000018620240711091220 a0010-0424000162240711 1 ind 1 aSi Tukang Sablon /cSeno Subro aSubro, Seno a1 aSolo :bTiga Serangkai,c2008 a52 hlm a813 SEN s a813 4aFiksi a0732468